1186 1386 1050 1946 1404 1895 1865 1944 1085 1246 1538 1502 1059 1834 1352 1728 1862 1200 1941 1266 1246 1349 1019 1419 1634 1641 1714 1460 1705 1325 1875 1595 1167 1648 1941 1452 1075 1298 1094 1199 1383 1901 1983 1871 1654 1744 1249 1263 1133 1525 1826 1262 1779 1996 1278 1602 1035 1759 1864 1706 1825 1045 1789 1492 1220 1997 1994 1948 1819 1646 1139 1759 1751 1192 1146 1132 1347 1045 1486 1057 1554 1753 1313 1320 1644 1229 1213 1958 1505 1579 1047 1622 1889 1530 1204 1080 1643 1306 1534 BCNSPRNW ULIB Ver.6.0+V

เปลี่ยนเป็นภาษาไทย

Change to English
 แสดงรายละเอียดบรรณานุกรม
  กลับหน้าหลัก

Brief Record : Get Marc (ISO 2709) : E-mail record : QR code < ปิดหน้าต่าง
LEADER : 00000nam 2200000uu 4500
001    13399126139
003     ULIB
008    180612s2015||||th 000 0 tha d
020    ^a9780521173803
050 00 ^aPE1128^bC172^cV.8
245 10 ^aCambridge practice tests for IELTS 8
260    ^aCambridge :^bCambridge University Press,^c2015
300    ^a176 p.:^bill. ;^c25 cm.
650 00 ^aInternational English Language Testing System.
650 00 ^aEnglish language^xExaminations, questions, etc.
650 00 ^aEnglish language^xTextbooks for foreign speakers
945    ^p530^l0^i004235
999    ^aวรรณษา ชูชัยมงคล
รายการนี้ยังไม่มีแท็ก
คุณยังไม่ได้ล็อกอิน คุณสามารถมีกิจกรรมร่วมกับเว็บไซต์ได้ แต่ต้องล็อกอินก่อน ::
  ล็อกอิน

รายการสื่อสารสนเทศ

ลำดับที่ ประเภท เลขเรียก/บาร์โค้ด สถานที่ สถานะ
1. วิทยาศาสตร์การแพทย์ และสุขภาพ
หนังสือสำรอง
สถานะ=หนังสือสำรอง
PE1128 C172 V.8 ฉ.1 
  Barcode: 004235
ห้องสมุดวิทยาเขตสวรรค์ประชารักษ์
►หนังสือทั่วไป
บนชั้น

รายการใกล้เคียง
    ชื่อเรื่อง [Cambridge practice tests for IELTS 8]

    หัวเรื่อง [International English Language Testing System.]

BibComment


ยังไม่เคยถูกคอมเมนท์

คอมเมนท์ทรัพยากรรายการนี้
  คอมเมนท์: Cambridge practi..


 Copyright 2026. Bcnsprnw @Library